00779 2200277 4500001002100000005001700021008004100038020001800079035002400097040001200121082001200133090001900145100002600164245007700190250001100267260002500278300002800303500004800331650001400379700001800393850001200411990002000423990001800443990002000461990002000481YOGYA-0209000001272320090227022243.0 ind  a979-431-208-8 0010-020900000012723 aYOPDYOG a155.282 a155.282bGul M aGULLAN-WHUR, Margaret aMisteri tulisan tangancMargaret Gullan-Whur ; alih bahasa, Arum Gayatri aCet. 2 aJakartabArcanc1996 av, 242 hlmbilusc21 cm aJudul asli : What your hand writing reveals aGrafologi aGayatri, Arum aYOPDYOG a1877-PN/P.95b1 a65673-P/95b1 a1878-PN/P.95b1 a1879-PN/P.95b1